Score 0/13 Timer 01:00
0 Plays Today
% Correct
Spain
96.3%
Singapore
95.5%
South Korea
94.9%
Switzerland
93.5%
São Tomé and Príncipe
86.4%
Sri Lanka
80.5%
Slovenia
79.5%
Somalia
76.3%
Senegal
72.2%
Sierra Leone
61.8%
St. Lucia
56.5%
Samoa
56.1%
Solomon Islands
51.1%

Today's Daily Dose

Missing Word
'M' Pairs

Quick Pick
'F' Video Games

Get the Picture
MCU Captains

You're not logged in!

Compare scores with friends on all Sporcle quizzes.
OR
Log In

Sporcle TV

Today on Sporcle TV


Watch our educational content, quiz creation guides, and fun videos on Sporcle TV.

Show Comments

Extras

Top Quizzes Today


Score Distribution

Paid Content

Your Account Isn't Verified!

In order to create a playlist on Sporcle, you need to verify the email address you used during registration. Go to your Sporcle Settings to finish the process.

Report this User

Report this user for behavior that violates our Community Guidelines.

Details: